000
00292nam a22001337a 4500
008
190129b xxu||||| |||| 00| 0 eng d
020
_a
9780070212589
041
_a
eng
080
_a
510
100
_a
36
101
_a
MAT
245
_a
The Power of Mathematics
_c
Flato,M
942
_2
udc
_c
BK
999
_c
53823
_d
53823